Loreto College Library, Kolkata
WEBOPAC (ONLINE PUBLIC ACCESS CATALOGUE)

Tribes of Assam (Record no. 22880)

MARC details
000 -LEADER
fixed length control field 00523nam a2200181Ia 4500
008 - FIXED-LENGTH DATA ELEMENTS--GENERAL INFORMATION
fixed length control field 131103s9999 xx 000 0 und d
040 ## - CATALOGING SOURCE
Original cataloging agency Loreto College
041 ## - LANGUAGE CODE
Language code English
082 ## - DDC | ডিউই
Classification number | বর্গসংখ্যা 572.95416/BAR
Book Number | গ্রন্থাঙ্ক LCLIB/21196
245 ## - TITLE STATEMENT | অাখ্যা বিবরণী
Title | অাখ্যা Tribes of Assam
Statement of responsibility | লেখকের দায়িত্বের বিবরণ complied by S. Barkataki
260 ## - IMPRINT | প্রকাশনা ক্ষেত্র
Place of publication | প্রকাশ স্থান Shillong
Name of publisher | প্রকাশকের নাম [s.n.]
Date of publication | প্রকাশ কাল [19- -?]
300 ## - PHYSICAL DESCRIPTION |
Page / Vol. No | পৃষ্ঠা / খন্ড সংখ্যা 168p.
440 ## - SERIES STATEMENT |গ্রন্থমালা
Series Title | গ্রন্থমালা অাখ্যা India - the land and the people series
650 ## - SUBJECT ADDED ENTRY--TOPICAL TERM | বিষয় শিরোনাম - মূল বিষয়
Topical term | মূল বিষয় Biochemistry - Assam
700 ## - ADDED ENTRY--PERSONAL NAME | অতিরিক্ত সংলেখ - ব্
Personal name | ব্যাক্তিনাম Barkataki, S.; comp.
850 ## - HOLDING INSTITUTION
Holding institution LCLIB/572.95416/BAR
942 ## - ADDED ENTRY ELEMENTS (KOHA)
Koha item type Books
Holdings
Withdrawn status Lost status Damaged status Not for loan Home library Current library Date acquired Total Checkouts Full call number Accession No. Date last seen Price effective from Koha item type
        Loreto College Loreto College 04/11/2013   572.95416/BAR LCLIB/21196 B25422 04/11/2013 04/11/2013 Books